[Event "EU-ch Amateur Online Final 1700/2000"]
[Site "Tornelo INT"]
[Date "2021.04.25"]
[Round "8"]
[White "Makris, Spyridon Dionysios"]
[Black "Przepiora, Anna"]
[Result "1-0"]
[WhiteElo "1935"]
[BlackElo "1722"]
[PlyCount "107"]
[EventDate "2021.04.25"]
[EventType "swiss (rapid)"]
[EventRounds "9"]
[EventCountry "NET"]
[SourceTitle "EXT 2023"]
[Source "ChessBase"]
[SourceDate "2022.10.05"]
[SourceVersion "1"]
[SourceVersionDate "2022.10.05"]
[SourceQuality "1"]

1. d4 d5 2. c4 e6 3. Nc3 Nf6 4. cxd5 exd5 5. Bg5 Be7 6. e3 0-0 7. Bd3 c6 8. h3 Nbd7 9. Nf3 Re8 10. 0-0 Nf8 11. Qc2 a6 12. Rab1 h6 13. Bf4 Bd6 14. Ne5 Bxe5 15. Bxe5 N6d7 16. Bh2 Nf6 17. b4 Qe7 18. a4 Ne4 19. b5 axb5 20. axb5 Nxc3 21. Qxc3 Ra3 22. Qc2 Bd7 23. bxc6 bxc6 24. Rb7 Qe6 25. Be2 Rea8 26. Bg4 f5 27. Bf3 Ra1 28. Rxa1 Rxa1+ 29. Rb1 Ra8 30. Be5 Ng6 31. Rb8+ Rxb8 32. Bxb8 Qe8 33. Qb3 Qc8 34. Qb6 Nf8 35. Be2 Ne6 36. Ba6 Qe8 37. Be5 g5 38. Qb1 Nf8 39. Bd3 Qc8 40. f4 Ng6 41. g4 Nxe5 42. dxe5 fxg4 43. hxg4 Bxg4 44. f5 Kf7 45. e6+ Ke7 46. Qb2 Qf8 47. Qa3+ Ke8 48. Qa8+ Ke7 49. Qxc6 Qd8 50. Qc5+ Qd6 51. Qa7+ Kd8 52. e7+ Qxe7 53. Qb8+ Kd7 54. Bb5# 1-0

[Event "EU-ch U18 Girls 28th"]
[Site "Riga"]
[Date "2018.08.22"]
[Round "3"]
[White "Nemcova, Karin"]
[Black "Przepiora, Anna"]
[Result "1-0"]
[WhiteElo "2068"]
[BlackElo "1663"]
[PlyCount "53"]
[EventDate "2018.08.20"]
[EventType "swiss"]
[EventRounds "9"]
[EventCountry "LAT"]
[SourceTitle "CBM 186 Extra"]
[Source "ChessBase"]
[SourceDate "2018.08.24"]
[SourceVersion "1"]
[SourceVersionDate "2018.08.24"]
[SourceQuality "1"]

1. e4 c5 2. Nf3 d6 3. d4 cxd4 4. Nxd4 Nf6 5. Nc3 g6 6. Be3 Bg7 7. Bc4 0-0 8. f3 Nc6 9. Qd2 Bd7 10. 0-0-0 Rb8 11. g4 b5 12. Bd5 Ne5 13. Bh6 Nxd5 14. Nxd5 Nc4 15. Qg5 Re8 16. Bxg7 Kxg7 17. Nf5+ Bxf5 18. gxf5 Nb6 19. Nf4 e6 20. f6+ Kh8 21. e5 Nc4 22. h4 Qa5 23. Kb1 dxe5 24. Nxg6+ fxg6 25. f7 Kg7 26. fxe8Q Rxe8 27. Rd7+ 1-0

[Event "POL-ch U16 Girls"]
[Site "Szklarska Poreba"]
[Date "2016.03.15"]
[Round "3"]
[White "Przepiora, Anna"]
[Black "Piwowarczyk, Julia"]
[Result "1-0"]
[WhiteElo "1243"]
[BlackElo "1903"]
[PlyCount "69"]
[EventDate "2016.03.13"]
[EventType "swiss"]
[EventRounds "9"]
[EventCountry "POL"]
[SourceTitle "EXT 2018"]
[Source "ChessBase"]
[SourceDate "2017.10.13"]
[SourceVersion "1"]
[SourceVersionDate "2017.10.13"]
[SourceQuality "1"]

1. e4 c6 2. d4 d5 3. Nc3 dxe4 4. Nxe4 Bf5 5. Ng3 Bg6 6. h4 h6 7. h5 Bh7 8. Nf3 Nd7 9. Bd3 Bxd3 10. Qxd3 e6 11. Bf4 Ngf6 12. c4 Nb6 13. 0-0 c5 14. Rad1 Bd6 15. Bxd6 Qxd6 16. Rfe1 0-0-0 17. b4 Nbd7 18. dxc5 Qc7 19. Qd6 Nb8 20. Qxc7+ Kxc7 21. Ne5 Rhf8 22. Rxd8 Kxd8 23. Rd1+ Nfd7 24. Ne4 Ke7 25. Nxd7 Nxd7 26. Nd6 Rb8 27. Nxb7 Rc8 28. Nd6 Rc7 29. Nb5 Rc6 30. Rd6 Ne5 31. f4 Rxd6 32. cxd6+ Kd7 33. fxe5 f6 34. exf6 gxf6 35. c5 1-0